000 00569nam a2200181Ia 4500
008 151018s9999 xx 000 0 und d
082 _bRBASDV33893
_a920
100 _aपरमहंस आचार्य
245 _aमेघनाद साहा
250 _b1
260 _bअरुण प्रकाशन
_c2001
300 _a71
600 _aपरमहंस आचार्य
630 _aमेघनाद साहा
700 _aपरमहंस आचार्य
730 _aमेघनाद साहा
942 _cBOOK
999 _c1033395
_d1033392